İkinci Susurluk (Record no. 4061)

MARC details
000 -BAŞLIK
Sabit Uzunlukta Kontrol Alanı 00914na a2200313 4500
001 - KONTROL NUMARASI
Denetim Alanı 17438
003 - KONTROL NUMARASI IDENTIFIER
Denetim Alanı MIRAKIL
005 - SON İŞLEM TARİHİ VE ZAMANI
Denetim Alanı 20181213154952.0
008 - SABİT-BOY VERİ ELEMANLARI - GENEL BİLGİLER
Sabit Uzunlukta Kontrol Alanı 161031b tu 000 0
020 ## - ULUSLARARASI STANDART KİTAP NUMARASI
Uluslararası Standart Kitap Numarası 9753423578
035 ## - SİSTEM KONTROL NUMARASI
Sistem Kontrol Numarası 17438
040 ## - KATALOGLAMA KAYNAK
Orijinal Kataloglama Ajansı Milas
Kataloglama Dili tur
Metne Dönüştürmek Ajansı TR-AnCHP
041 ## - DİL KODU
Metin / Ses Parça Veya Ayrı Başlığın Dil Kodu tur
082 ## - DEWEY ONLU SINIFLANDIRMA NUMARASI
Sınıflandırma Numarası 364.1532
Ürün Numarası A92i 2002
090 ## - SINIFLAMA NUMARASI
Sınıflama Numarası 364.1532 A92i 2002
100 ## - ANA GİRİŞ - KİŞİSEL İSİM
Kişisel Ad Aydın, Zülfikar Ali
245 ## - BAŞLIK TABLOSU
Başlık İkinci Susurluk
Başlığın Kalan bir kasaba cinneti
Sorumluluk Tablosu, Vb Zülfikar Ali Aydın
246 ## - UNVAN FORM VARYING
Başlık Doğru / Kısa Başlığı Bir kasaba cinneti
260 ## - YAYIN, DAĞITIM, VB
Yayın, Dağıtım, Vb Yeri İstanbul
Yayıncı, Dağıtıcı, Vs Adı Metis yayınları
Yayın, Dağıtım, Vb Tarihi 2002
300 ## - FİZİKSEL TANIM
Kapsam 217 s.
Diğer Fiziksel Ayrıntıları fotg.
Boyutlar 20 sm.
490 ## - SERİSİ TABLOSU
Seri Beyanı Siyahbeyaz Dizisi
Hacim / Ardışık Tanımı 35
650 ## - KONU KATMA GİRİŞ - TOPİKAL DÖNEM
Topikal Süreli Veya Coğrafi Ad Giriş Elemanı Sosyal çatışma
Coğrafi Alt Bölümü Susurluk (Balıkesir)
650 ## - KONU KATMA GİRİŞ - TOPİKAL DÖNEM
Topikal Süreli Veya Coğrafi Ad Giriş Elemanı Sosyal sorunlar
Coğrafi Alt Bölümü Susurluk (Balıkesir)
650 ## - KONU KATMA GİRİŞ - TOPİKAL DÖNEM
Topikal Süreli Veya Coğrafi Ad Giriş Elemanı Ulusalcılık
Coğrafi Alt Bölümü Türkiye
650 ## - KONU KATMA GİRİŞ - TOPİKAL DÖNEM
Topikal Süreli Veya Coğrafi Ad Giriş Elemanı Kürtler
Coğrafi Alt Bölümü Türkiye
650 ## - KONU KATMA GİRİŞ - TOPİKAL DÖNEM
Topikal Süreli Veya Coğrafi Ad Giriş Elemanı Cinayet
Coğrafi Alt Bölümü Türkiye
651 ## - KONU KATMA GİRİŞ - COĞRAFİ ADI
Coğrafi İsim Türkiye
Genel Alt Bölümü Etnik ilişkiler
942 ## - EKLENDİ GİRİŞ ELEMANLARI (KOHA)
Sınıflandırma Veya Raf Düzeni Kaynak Dewey Decimal Classification
Koha Öğesi Türü Books
999 ## - SİSTEM KONTROL NUMARALARI (KOHA)
Koha Biblionumber 4061
Koha Biblioitemnumber 4061
Holdings
Kalıcı Konum Mevcut Konum Edinme Tarihi Edinim Kaynak Seri Numaralandırma / Kronolojik Toplam Check-Out'Lar Tam Çağrı Numarası Barkod Tarih Son Görülme İtibaren Geçerli Fiyatlar Koha Öğesi Türü
CHP Kütüphanesi CHP Kütüphanesi 10/24/2016 Bağış c.2   364.1532 A92i 2002 007148 10/24/2016 10/24/2016 Books